La conquista del alfabeto : (Record no. 93327)

MARC details
000 -LEADER
campo de control de longitud fija 01052nam a2200313 a 4500
001 - NÚMERO DE CONTROL
campo de control 93327
003 - IDENTIFICADOR DE NÚMERO DE CONTROL
campo de control ES-MaREB
005 - FECHA Y HORA DE LA ÚLTIMA TRANSACCIÓN
campo de control 20250728033202.0
008 - DATOS DE LONGITUD FIJA--INFORMACIÓN GENERAL
campo de control de longitud fija 231107s2002 esp 000 0 spa d
017 ## - NÚMERO DE COPYRIGHT O DE DEPÓSITO LEGAL
Número de copyright o de depósito legal AS 2423-2002
020 ## - NÚMERO INTERNACIONAL ESTÁNDAR DEL LIBRO
Número Internacional Estándar del Libro 8497040538
035 ## - NÚMERO DE CONTROL DEL SISTEMA
Número de control de sistema CCBIP00796821
040 ## - FUENTE DE CATALOGACIÓN
Centro catalogador/agencia de origen BR-AS
Centro/agencia transcriptor ES-MaACL
080 ## - NÚMERO DE LA CLASIFICACIÓN DECIMAL UNIVERSAL
Número de la Clasificación Decimal Universal 003:316.343.2-058.14-057.81/.82
080 ## - NÚMERO DE LA CLASIFICACIÓN DECIMAL UNIVERSAL
Número de la Clasificación Decimal Universal 316.343.2-058.14-057.81/.82:003
245 03 - MENCIÓN DEL TÍTULO
Título La conquista del alfabeto :
Resto del título escritura y clases populares /
Mención de responsabilidad, etc. Antonio Castillo Gómez (coordinador).
260 ## - PUBLICACIÓN, DISTRIBUCIÓN, ETC.
Lugar de publicación, distribución, etc. Gijón :
Nombre del editor, distribuidor, etc. Trea,
Fecha de publicación, distribución, etc. [2002]
300 ## - DESCRIPCIÓN FÍSICA
Extensión 348 p. ;
Dimensiones 22 cm.
490 1# - MENCIÓN DE SERIE
Mención de serie Biblioteconomía y administración cultural ;
Designación de volumen o secuencia 68
500 ## - NOTA GENERAL
Nota general Índice.
504 ## - NOTA DE BIBLIOGRAFÍA, ETC.
Nota de bibliografía, etc. Bibliografía y fuentes: p. [303]-332.
650 #4 - PUNTO DE ACCESO ADICIONAL DE MATERIA--TÉRMINO DE MATERIA
Término de materia o nombre geográfico como elemento de entrada Alfabeto-
9 (RLIN) 9718
Subdivisión de forma Historia
700 0# - ENTRADA AGREGADA--NOMBRE PERSONAL
Nombre de persona Castillo Gómez, Antonio
9 (RLIN) 36747
830 #0 - PUNTO DE ACCESO ADICIONAL DE SERIE-TÍTULO UNIFORME
Título uniforme Biblioteconomía y administración cultural
Designación de volumen o secuencia 68
9 (RLIN) 184219
852 ## - LOCALIZACIÓN
Ubicación ES-MaACL
itemnumber 96728
Número de control de estantería L-29095
Ubicación en estantería Depósito 2
942 ## - ELEMENTOS DE ENTRADA SECUNDARIOS (KOHA)
Tipo de ítem Koha Libro impreso
Holdings
Estatus retirado Estado de pérdida Estado de daño No para préstamo Biblioteca de origen Biblioteca actual Ubicación en estantería Fecha de adquisición Fuente de adquisición Total de préstamos Signatura topográfica completa Código de barras Visto por última vez Precio de reemplazo Tipo de ítem Koha
        Biblioteca del Ateneo de Madrid Biblioteca del Ateneo de Madrid Depósito 2 17/01/2008     L-29095 1097413 23/02/2023 23/02/2023 Libro impreso